[Event "FIDE World Blitz-ch Women 2018"]
[Site "St. Petersburg"]
[Date "2018.12.30"]
[Round "11.38"]
[White "Bezgodova, Svetlana"]
[Black "Mkrtchian, Lilit"]
[Result "0-1"]
[WhiteElo "2046"]
[BlackElo "2392"]
[Annotator "NA"]
[PlyCount "128"]
[EventDate "2018.12.19"]
[EventType "swiss"]
[EventCountry "RUS"]
[SourceTitle "playchess.com"]
[Source "ChessBase"]
[SourceQuality "1"]

1. Nf3 Nf6 2. g3 c5 3. c4 Nc6 4. d4 cxd4 5. Nxd4 e6 6. Bg2 Qb6 7. Nc2 Ne5 8. b3 d5 9. cxd5 exd5 10. O-O Bd6 11. Nc3 Be6 12. Be3 Qc6 13. Na4 O-O 14. Nd4 Qd7 15. Nxe6 Qxe6 16. Rc1 Rfe8 17. Bd4 Ne4 18. e3 Nc6 19. Bb2 Rad8 20. Qh5 g6 21. Qh3 Qxh3 22. Bxh3 Be5 23. Bxe5 Nxe5 24. Nc5 Nd6 25. Bg2 b6 26. Na4 Ne4 27. Rfd1 Nf6 28. Rd4 Rc8 29. Rdd1 Red8 30. Bh3 Rxc1 31. Rxc1 Ne4 32. Kg2 Kf8 33. Rc2 Nd6 34. Rc7 Nb5 35. Rc2 Ke7 36. f4 Nd3 37. Rd2 Nc5 38. Nb2 Nc3 39. Nd1 N3e4 40. Rc2 Ne6 41. Kf3 f5 42. Bf1 Kd6 43. Ba6 N4c5 44. Bb5 d4 45. Rd2 Kc7 46. Kg2 a6 47. Be2 Ne4 48. Rc2+ Kb8 49. exd4 Nxd4 50. Rb2 Nxe2 51. Rxe2 Rxd1 52. h3 Rd2 53. Rxd2 Nxd2 54. g4 Kc7 55. Kf2 Kd6 56. Ke3 Ne4 57. Kd4 Nf2 58. gxf5 gxf5 59. h4 Nh3 60. Ke3 Kd5 61. Kf3 Kd4 62. Kg3 Ng1 63. Kf2 Ke4 64. Kxg1 Kxf4 0-1

[Event "FIDE World Blitz-ch Women 2018"]
[Site "St. Petersburg"]
[Date "2018.12.30"]
[Round "11.39"]
[White "Charochkina, Daria"]
[Black "Kabanova, Ekaterina"]
[Result "1-0"]
[WhiteElo "2344"]
[BlackElo "2095"]
[Annotator "NA"]
[PlyCount "139"]
[EventDate "2018.12.19"]
[EventType "swiss"]
[EventCountry "RUS"]
[SourceTitle "playchess.com"]
[Source "ChessBase"]
[SourceQuality "1"]

1. d4 c5 2. dxc5 e6 3. e4 Bxc5 4. Nf3 a6 5. Bd3 Qc7 6. O-O Be7 7. b3 d6 8. Bb2 Nf6 9. c4 Nbd7 10. Nbd2 b6 11. Re1 Bb7 12. Rc1 Rc8 13. Nf1 Nc5 14. e5 Ng4 15. exd6 Bxd6 16. Bf5 Rd8 17. Qc2 Bxf3 18. gxf3 Nxh2 19. Nxh2 Bxh2+ 20. Kf1 Qf4 21. Be5 Qh6 22. Bxh2 Qxh2 23. b4 O-O 24. Bxh7+ Qxh7 25. Qxh7+ Kxh7 26. bxc5 bxc5 27. Re5 Rc8 28. Ke2 Rfd8 29. Rh1+ Kg6 30. Rhh5 f5 31. Rh1 Rd4 32. Rxe6+ Kf7 33. Rxa6 Rxc4 34. Rg1 Re8+ 35. Kd3 Rd4+ 36. Kc3 Re7 37. Rc6 Rd5 38. Rg5 Red7 39. Kc4 Rd4+ 40. Kxc5 Rd2 41. Rxf5+ Kg8 42. a4 Rxf2 43. a5 Rc2+ 44. Kb6 Rb2+ 45. Rb5 Rf2 46. Rb3 Ra2 47. a6 Kh7 48. Rb4 Ra3 49. f4 Rf7 50. Rd6 Ra1 51. Rc6 Ra3 52. Rd6 Ra2 53. Rc6 Ra1 54. Re4 Rf8 55. a7 Ra8 56. Re7 Rb1+ 57. Ka6 Ra1+ 58. Kb6 Rb1+ 59. Kc5 Ra1 60. Rcc7 Rc1+ 61. Kb6 Rxc7 62. Rxc7 Kg6 63. Rc4 Kf5 64. Kb7 Re8 65. a8=Q Re7+ 66. Kb6 Re6+ 67. Kc5 g5 68. Qd5+ Kf6 69. fxg5+ Ke7 70. Re4 1-0

[Event "FIDE World Blitz-ch Women 2018"]
[Site "St. Petersburg"]
[Date "2018.12.30"]
[Round "11.40"]
[White "Injac, Teodora"]
[Black "Dordzhieva, Dinara"]
[Result "1-0"]
[WhiteElo "2325"]
[BlackElo "2340"]
[Annotator "NA"]
[PlyCount "145"]
[EventDate "2018.12.19"]
[EventType "swiss"]
[EventCountry "RUS"]
[SourceTitle "playchess.com"]
[Source "ChessBase"]
[SourceQuality "1"]

1. Nf3 d5 2. d4 Nf6 3. c4 e6 4. Nc3 c6 5. cxd5 exd5 6. Bg5 Be7 7. Qc2 g6 8. e3 Bf5 9. Bd3 Bxd3 10. Qxd3 Nbd7 11. O-O O-O 12. Rab1 Re8 13. b4 a6 14. Bxf6 Bxf6 15. Rfc1 Nb6 16. Nd2 Nd7 17. a4 b5 18. Ne2 Re6 19. Nf4 Rd6 20. a5 Nf8 21. Rc2 Be7 22. Rbc1 Rc8 23. Nb3 Nd7 24. Qe2 h5 25. Nd3 Rf6 26. Nbc5 Nxc5 27. Nxc5 Bxc5 28. Rxc5 Qd7 29. Qc2 h4 30. h3 Kg7 31. Qd3 Kg8 32. Qc2 Kg7 33. Qd3 g5 34. e4 dxe4 35. Rxg5+ Rg6 36. Rxg6+ fxg6 37. Qxe4 Qd8 38. Qe5+ Qf6 39. Rc5 Qxe5 40. dxe5 Kf7 41. f4 Ke6 42. Kf2 Kf5 43. Ke3 Rc7 44. Kf3 Rc8 45. Rc3 Rc7 46. Rd3 g5 47. Rd6 gxf4 48. Rf6+ Kxe5 49. Rxf4 Rd7 50. Rxh4 Rd3+ 51. Ke2 Rb3 52. Rg4 Rb2+ 53. Kf3 Rb3+ 54. Kf2 Rb2+ 55. Kg3 Rb3+ 56. Kh4 c5 57. bxc5 Kd5 58. Rg5+ Kc6 59. Rg6+ Kxc5 60. Rxa6 Rd3 61. g4 b4 62. Rb6 Ra3 63. g5 Rxa5 64. Rb8 Ra1 65. g6 Rg1 66. Kh5 Kc4 67. h4 b3 68. Kh6 Kc3 69. h5 b2 70. g7 Kc2 71. Kh7 b1=Q 72. Rxb1 Kxb1 73. g8=Q 1-0

[Event "FIDE World Blitz-ch Women 2018"]
[Site "St. Petersburg"]
[Date "2018.12.30"]
[Round "11.41"]
[White "Gromova, Iulia"]
[Black "Arutyunova, Diana"]
[Result "0-1"]
[WhiteElo "2241"]
[BlackElo "2227"]
[Annotator "NA"]
[PlyCount "68"]
[EventDate "2018.12.19"]
[EventType "swiss"]
[EventCountry "RUS"]
[SourceTitle "playchess.com"]
[Source "ChessBase"]
[SourceQuality "1"]

1. d4 e6 2. c4 f5 3. Nf3 Nf6 4. g3 Be7 5. Bg2 O-O 6. O-O d6 7. Nc3 Ne4 8. d5 Nxc3 9. bxc3 e5 10. e4 f4 11. Rb1 Na6 12. Ne1 Qe8 13. Nd3 Qg6 14. Re1 Bg5 15. Ba3 b6 16. Bc1 Bh6 17. a4 Bg4 18. f3 Bd7 19. g4 Bg5 20. Re2 h5 21. h3 Bh4 22. Bd2 Kf7 23. Ra1 Rh8 24. Be1 hxg4 25. hxg4 Be7 26. a5 Qh6 27. axb6 axb6 28. Nb4 Qh2+ 29. Kf1 Nc5 30. Rxa8 Rxa8 31. Bf2 Ba4 32. Qb1 Bb3 33. Bg1 Qh4 34. Rb2 Bxc4+ 0-1

[Event "FIDE World Blitz-ch Women 2018"]
[Site "St. Petersburg"]
[Date "2018.12.30"]
[Round "11.42"]
[White "Shafigullina, Zarina"]
[Black "Nguyen, Thi Mai Hung"]
[Result "1-0"]
[WhiteElo "2140"]
[BlackElo "2280"]
[Annotator "NA"]
[PlyCount "102"]
[EventDate "2018.12.19"]
[EventType "swiss"]
[EventCountry "RUS"]
[SourceTitle "playchess.com"]
[Source "ChessBase"]
[SourceQuality "1"]

1. d4 d5 2. Nf3 Nf6 3. g3 Bf5 4. c4 e6 5. Nc3 c6 6. Nh4 Bg4 7. h3 Bh5 8. g4 Bg6 9. Nxg6 hxg6 10. g5 Nfd7 11. e4 Nb6 12. c5 Nc8 13. Bf4 Be7 14. Qd2 Nd7 15. h4 b6 16. b4 a5 17. cxb6 Ncxb6 18. bxa5 Rxa5 19. Nb5 Rxb5 20. Bxb5 cxb5 21. Qe2 Nc4 22. exd5 exd5 23. Kf1 Qb6 24. Re1 Qe6 25. Qf3 Qf5 26. Kg2 Ndb6 27. Re2 Nc8 28. Qg3 O-O 29. h5 gxh5 30. Rxh5 g6 31. Rh4 f6 32. gxf6 Bxf6 33. Rg4 Kf7 34. Bg5 Rh8 35. Bxf6 Rh5 36. Rf4 Qd7 37. Be5+ Rf5 38. Rxf5+ Qxf5 39. Qf4 Ne7 40. Qxf5+ Nxf5 41. Kf3 Nxe5+ 42. Rxe5 Nxd4+ 43. Ke3 Nf5+ 44. Kd3 d4 45. Rxb5 Kf6 46. a4 Kg5 47. a5 Kf4 48. Ke2 Nd6 49. Rd5 Nf5 50. a6 Ke4 51. Rd8 g5 1-0

[Event "FIDE World Blitz-ch Women 2018"]
[Site "St. Petersburg"]
[Date "2018.12.30"]
[Round "11.43"]
[White "Borisova, Ekaterina"]
[Black "Tomilova, Elena"]
[Result "0-1"]
[WhiteElo "2244"]
[BlackElo "2338"]
[Annotator "NA"]
[PlyCount "66"]
[EventDate "2018.12.19"]
[EventType "swiss"]
[EventCountry "RUS"]
[SourceTitle "playchess.com"]
[Source "ChessBase"]
[SourceQuality "1"]

1. d4 d5 2. c4 c6 3. Nf3 Nf6 4. g3 Bf5 5. Nc3 e6 6. Nh4 Be4 7. f3 Bg6 8. Qb3 Qb6 9. Nxg6 hxg6 10. c5 Qc7 11. Bf4 Qc8 12. Bg2 Nbd7 13. O-O Be7 14. e4 O-O 15. Qc2 b6 16. b4 Nh5 17. Be3 dxe4 18. fxe4 e5 19. cxb6 exd4 20. Bxd4 axb6 21. a3 c5 22. Nd5 Bd8 23. Rfc1 Qa6 24. Bb2 Rc8 25. Qd2 Ndf6 26. e5 Nxd5 27. Qxd5 cxb4 28. Rxc8 Qxc8 29. axb4 Bg5 30. Qc6 Be3+ 31. Kh1 Qg4 32. b5 Nxg3+ 33. hxg3 Qh5+ 0-1

[Event "FIDE World Blitz-ch Women 2018"]
[Site "St. Petersburg"]
[Date "2018.12.30"]
[Round "11.44"]
[White "Atalik, Ekaterina"]
[Black "Geller, Anastasiya"]
[Result "1-0"]
[WhiteElo "2447"]
[BlackElo "2187"]
[Annotator "NA"]
[PlyCount "63"]
[EventDate "2018.12.19"]
[EventType "swiss"]
[EventCountry "RUS"]
[SourceTitle "playchess.com"]
[Source "ChessBase"]
[SourceQuality "1"]

1. d4 d5 2. c4 e6 3. Nc3 Nf6 4. cxd5 exd5 5. Bg5 Nbd7 6. e3 c6 7. Bd3 Be7 8. Qc2 h6 9. Bh4 O-O 10. Nf3 Re8 11. O-O Ne4 12. Bxe7 Qxe7 13. Bxe4 dxe4 14. Nd2 Nf6 15. a3 a5 16. Na4 Nd5 17. Nc5 Bf5 18. Rae1 b6 19. Na4 Bd7 20. Nc3 Nxc3 21. Qxc3 Rac8 22. Nc4 Qg5 23. Kh1 Re6 24. Nxb6 Rg6 25. Rg1 Rc7 26. Qc5 Qh4 27. Qe5 Rb7 28. Nxd7 Qd8 29. Nc5 Rxb2 30. Rgf1 Kh7 31. Qxe4 Ra2 32. a4 1-0

[Event "FIDE World Blitz-ch Women 2018"]
[Site "St. Petersburg"]
[Date "2018.12.30"]
[Round "11.45"]
[White "Khomeriki, Nino"]
[Black "Fominykh, Maria"]
[Result "1/2-1/2"]
[WhiteElo "2347"]
[BlackElo "2259"]
[Annotator "NA"]
[PlyCount "82"]
[EventDate "2018.12.19"]
[EventType "swiss"]
[EventCountry "RUS"]
[SourceTitle "playchess.com"]
[Source "ChessBase"]
[SourceQuality "1"]

1. d4 d6 2. Nf3 Nf6 3. c4 g6 4. Nc3 Bg7 5. g3 O-O 6. Bg2 Nc6 7. O-O a6 8. Bf4 Rb8 9. Rc1 Nd7 10. d5 Nce5 11. b3 c5 12. dxc6 Nxc6 13. Nd5 Nde5 14. Qd2 Bg4 15. Nxe5 dxe5 16. Bg5 f6 17. Be3 e6 18. Bb6 Qe8 19. Ne3 Bh6 20. Rfd1 Rf7 21. h3 Bf5 22. g4 Nd4 23. Bxd4 exd4 24. Qxd4 e5 25. Qd6 Be6 26. Qb6 Kh8 27. Rd6 Re7 28. Rcd1 Qf7 29. Nd5 Bxd5 30. Bxd5 Qf8 31. Be6 Ree8 32. c5 f5 33. Bc4 fxg4 34. hxg4 Qf4 35. Rd8 Qxg4+ 36. Kf1 Qh3+ 37. Kg1 Qg4+ 38. Kf1 Qh3+ 39. Kg1 Qg4+ 40. Kf1 Qh3+ 41. Kg1 Qg4+ 1/2-1/2

[Event "FIDE World Blitz-ch Women 2018"]
[Site "St. Petersburg"]
[Date "2018.12.30"]
[Round "11.46"]
[White "Sudakova, Irina"]
[Black "Petrova, Irina"]
[Result "1/2-1/2"]
[WhiteElo "2313"]
[BlackElo "2124"]
[Annotator "NA"]
[PlyCount "101"]
[EventDate "2018.12.19"]
[EventType "swiss"]
[EventCountry "RUS"]
[SourceTitle "playchess.com"]
[Source "ChessBase"]
[SourceQuality "1"]

1. e4 d6 2. d4 Nf6 3. Nc3 g6 4. h3 a6 5. Be3 b5 6. e5 Nfd7 7. f4 Bb7 8. Nf3 e6 9. Bd3 c5 10. dxc5 Nxc5 11. Bxc5 dxc5 12. Be4 Nc6 13. O-O Be7 14. Qe1 Qb6 15. Kh2 O-O 16. Rd1 Rad8 17. Qg3 b4 18. Ne2 Nd4 19. Nexd4 Bxe4 20. Ne2 Bxc2 21. Rc1 Bd3 22. Rfe1 c4 23. Ng5 Bxg5 24. Qxg5 Rd5 25. Ng3 Qd8 26. Qg4 Kh8 27. Ne4 Bxe4 28. Rxe4 Rd2 29. Rcxc4 Rxb2 30. Rxb4 Rxa2 31. Rb7 Qd2 32. Rc4 Kg8 33. Rcc7 a5 34. Rd7 Qe2 35. Qxe2 Rxe2 36. Ra7 Ra2 37. Kg3 a4 38. Kf3 a3 39. g3 Ra1 40. Kg4 Kg7 41. Ra4 h5+ 42. Kh4 a2 43. Rda7 Rb8 44. Rxa2 Rxa2 45. Rxa2 Rb3 46. Ra7 Rc3 47. g4 hxg4 48. hxg4 Rc1 49. Kg5 Rb1 50. Rc7 Ra1 51. Rb7 1/2-1/2

[Event "FIDE World Blitz-ch Women 2018"]
[Site "St. Petersburg"]
[Date "2018.12.30"]
[Round "11.47"]
[White "Maroroa, Sue"]
[Black "Savina, Anastasia"]
[Result "0-1"]
[WhiteElo "2120"]
[BlackElo "2334"]
[Annotator "NA"]
[PlyCount "77"]
[EventDate "2018.12.19"]
[EventType "swiss"]
[EventCountry "RUS"]
[SourceTitle "playchess.com"]
[Source "ChessBase"]
[SourceQuality "1"]

1. e4 c5 2. Nf3 Nc6 3. c3 Nf6 4. e5 Nd5 5. d4 cxd4 6. cxd4 d6 7. Bc4 dxe5 8. dxe5 Ndb4 9. Qb3 e6 10. O-O Na5 11. Qa4+ Bd7 12. Bb5 Bxb5 13. Qxb5+ Nac6 14. Na3 a6 15. Qc4 Qd3 16. Qxd3 Nxd3 17. Nc4 b5 18. Nd6+ Bxd6 19. exd6 Kd7 20. Rd1 Ndb4 21. Bd2 Nd5 22. Rac1 Rac8 23. Bc3 f6 24. h4 Kxd6 25. a3 h5 26. Rd2 Rhd8 27. Re1 Ke7 28. Bd4 Kf7 29. b4 Nxd4 30. Nxd4 Nf4 31. g3 e5 32. gxf4 Rxd4 33. Rxd4 exd4 34. Rd1 Rd8 35. Kg2 Ke6 36. Kf3 Kd5 37. Rc1 Re8 38. Rc5+ Kd6 39. f5 0-1

[Event "FIDE World Blitz-ch Women 2018"]
[Site "St. Petersburg"]
[Date "2018.12.30"]
[Round "11.48"]
[White "Vasilevich, Irina"]
[Black "Garcia Martin, Marta"]
[Result "0-1"]
[WhiteElo "2258"]
[BlackElo "2301"]
[Annotator "NA"]
[PlyCount "60"]
[EventDate "2018.12.19"]
[EventType "swiss"]
[EventCountry "RUS"]
[SourceTitle "playchess.com"]
[Source "ChessBase"]
[SourceQuality "1"]

1. c4 e6 2. Nc3 d5 3. e3 Nf6 4. Nf3 Bd6 5. b3 O-O 6. Bb2 b6 7. Qc2 Bb7 8. cxd5 exd5 9. Be2 c5 10. O-O Nc6 11. Rad1 d4 12. Nb5 Nb4 13. Qb1 d3 14. Bxd3 Nxd3 15. Bxf6 gxf6 16. Nxd6 Qxd6 17. Nh4 Be4 18. f3 Bg6 19. e4 Qd4+ 20. Kh1 Nf2+ 21. Rxf2 Qxf2 22. g3 Rad8 23. Qb2 Qd4 24. Qa3 Rfe8 25. Qxa7 Qd3 26. Qxb6 Qe2 27. Rg1 Rxd2 28. Ng2 Qxf3 29. Qxc5 Rxg2 30. Rxg2 Bxe4 0-1

[Event "FIDE World Blitz-ch Women 2018"]
[Site "St. Petersburg"]
[Date "2018.12.30"]
[Round "11.49"]
[White "Kirchei, Viktoriia"]
[Black "Gritsayeva, Oksana"]
[Result "0-1"]
[WhiteElo "1972"]
[BlackElo "2378"]
[Annotator "NA"]
[PlyCount "98"]
[EventDate "2018.12.19"]
[EventType "swiss"]
[EventCountry "RUS"]
[SourceTitle "playchess.com"]
[Source "ChessBase"]
[SourceQuality "1"]

1. d3 d5 2. g3 e5 3. Bg2 g6 4. Nd2 Bg7 5. e3 Ne7 6. Ne2 O-O 7. O-O c6 8. h3 Be6 9. f4 Nd7 10. e4 dxe4 11. Nxe4 Nd5 12. c3 Qb6+ 13. Kh2 Ne3 14. Bxe3 Qxe3 15. fxe5 Bxe5 16. d4 Bg7 17. Re1 Qh6 18. Nf4 Bd5 19. Nxd5 cxd5 20. Nd6 Nf6 21. Qc1 Qh5 22. Qf4 Rad8 23. Re5 Qh6 24. Qxh6 Bxh6 25. Nxb7 Rb8 26. Nc5 Rxb2 27. Kh1 Rc2 28. Na4 Rc8 29. Bxd5 Nxd5 30. Rxd5 Rc4 31. Ra5 Rc6 32. Rf1 Re6 33. Re5 Rxe5 34. dxe5 Rxa2 35. Nc5 Rc2 36. Ne4 Be3 37. Ra1 Bb6 38. Nf6+ Kg7 39. Nd5 Bc5 40. Rf1 h6 41. Rf3 Re2 42. Nf6 Rxe5 43. Nd7 Rd5 44. Nxc5 Rxc5 45. Kg2 a5 46. Kf2 a4 47. Ke2 a3 48. c4 Ra5 49. Rc3 a2 0-1

[Event "FIDE World Blitz-ch Women 2018"]
[Site "St. Petersburg"]
[Date "2018.12.30"]
[Round "11.50"]
[White "Styazhkina, Anna"]
[Black "Shaydullina, Sandugach"]
[Result "1/2-1/2"]
[WhiteElo "2274"]
[BlackElo "2033"]
[Annotator "NA"]
[PlyCount "100"]
[EventDate "2018.12.19"]
[EventType "swiss"]
[EventCountry "RUS"]
[SourceTitle "playchess.com"]
[Source "ChessBase"]
[SourceQuality "1"]

1. e4 c5 2. Nf3 d6 3. d4 cxd4 4. Qxd4 a6 5. c4 Nc6 6. Qe3 g6 7. Nc3 Bh6 8. Qd3 Bg7 9. Be2 Nh6 10. h3 O-O 11. O-O f6 12. Be3 f5 13. Qd2 Nf7 14. exf5 gxf5 15. Rad1 e5 16. Nd5 Be6 17. Bb6 Qd7 18. Nc7 e4 19. Nxe6 Qxe6 20. Ng5 Nxg5 21. Qxg5 Kh8 22. b3 Rg8 23. Qh5 Raf8 24. Kh1 Ne5 25. Bd4 Bf6 26. Rfe1 Rg5 27. Qh6 Rfg8 28. Bf1 R5g6 29. Qh5 Rg5 30. Qh6 R8g6 31. Qf8+ Rg8 32. Qh6 Qf7 33. Bxe5 Bxe5 34. c5 Rh5 35. Qd2 Qg6 36. g3 Bxg3 37. fxg3 Qxg3 38. Qh2 Qf3+ 39. Bg2 Rxg2 40. Qxg2 Rxh3+ 41. Kg1 Rg3 42. Qxg3 Qxg3+ 43. Kh1 e3 44. cxd6 Qf3+ 45. Kg1 Qg3+ 46. Kh1 Qh3+ 47. Kg1 Qg3+ 48. Kh1 Qf3+ 49. Kg1 Qg3+ 50. Kh1 Qf3+ 1/2-1/2

[Event "FIDE World Blitz-ch Women 2018"]
[Site "St. Petersburg"]
[Date "2018.12.30"]
[Round "11.51"]
[White "Molchanova, Tatjana"]
[Black "Afonasieva, Anna"]
[Result "0-1"]
[WhiteElo "2245"]
[BlackElo "2207"]
[Annotator "NA"]
[PlyCount "122"]
[EventDate "2018.12.19"]
[EventType "swiss"]
[EventCountry "RUS"]
[SourceTitle "playchess.com"]
[Source "ChessBase"]
[SourceQuality "1"]

1. e4 c6 2. d4 d5 3. exd5 cxd5 4. Bd3 Nc6 5. c3 Qc7 6. Ne2 Bg4 7. f3 Bd7 8. Bf4 e5 9. dxe5 Nxe5 10. Bc2 Nf6 11. Nd2 Bd6 12. Bg5 Be7 13. Nb3 Bc6 14. Nbd4 O-O 15. O-O Nc4 16. b3 Nd6 17. Qd3 g6 18. Nf4 Rfe8 19. h4 Nd7 20. Bxe7 Rxe7 21. h5 Ne5 22. Qd2 Ne8 23. Nh3 Ng7 24. Qh6 Nxh5 25. Ng5 f6 26. Nge6 Qd7 27. Rae1 Ng7 28. Nxg7 Rxg7 29. f4 Ng4 30. Qh4 h5 31. f5 Ne5 32. fxg6 Nxg6 33. Qxh5 Ne5 34. Rxf6 Qg4 35. Qxg4 Nxg4 36. Nf5 Nxf6 37. Nxg7 Kxg7 38. Re7+ Kf8 39. Rc7 Re8 40. Kf2 Ne4+ 41. Bxe4 Rxe4 42. g3 Re7 43. Rc8+ Kf7 44. Kf3 Re1 45. Kf4 Rf1+ 46. Ke5 Rf5+ 47. Kd6 Rg5 48. Rc7+ Kf6 49. Kc5 Rxg3 50. c4 dxc4 51. Kxc4 Ke6 52. b4 Rg4+ 53. Kc5 Rg5+ 54. Kd4 Kd6 55. Rh7 Rg4+ 56. Kc3 Bd5 57. a4 Rc4+ 58. Kd3 Rxb4 59. a5 a6 60. Rh6+ Be6 61. Rh7 Bf5+ 0-1

[Event "FIDE World Blitz-ch Women 2018"]
[Site "St. Petersburg"]
[Date "2018.12.30"]
[Round "11.52"]
[White "Ovod, Evgenija"]
[Black "Romanovskaya, Anna"]
[Result "1-0"]
[WhiteElo "2367"]
[BlackElo "2210"]
[Annotator "NA"]
[PlyCount "99"]
[EventDate "2018.12.19"]
[EventType "swiss"]
[EventCountry "RUS"]
[SourceTitle "playchess.com"]
[Source "ChessBase"]
[SourceQuality "1"]

1. e4 g6 2. d4 Bg7 3. c3 d6 4. Bd3 e5 5. Ne2 Nc6 6. Be3 Nh6 7. f3 f5 8. O-O O-O 9. dxe5 Nxe5 10. Bc2 fxe4 11. Bxe4 Nf5 12. Bf2 Kh8 13. Nd2 c6 14. Nb3 d5 15. Bc2 Qc7 16. a4 Nc4 17. Qc1 Bd7 18. Nbd4 Rae8 19. Nxf5 Bxf5 20. Bxf5 Rxf5 21. Nd4 Rf7 22. b3 Ne5 23. Qc2 Rfe7 24. Rae1 a6 25. Bg3 c5 26. Ne2 Qb6 27. Kh1 d4 28. cxd4 cxd4 29. Nf4 Rc7 30. Qd1 Qc6 31. Qxd4 Nxf3 32. Rxe8+ Qxe8 33. Qd3 Ne5 34. Qd5 Rd7 35. Qe4 Re7 36. Qb4 Nc6 37. Qc5 Re5 38. Qd6 Re3 39. b4 Be5 40. Qd5 Bg7 41. b5 axb5 42. axb5 Nd4 43. b6 Nf5 44. Bf2 Re4 45. g3 Re7 46. h3 g5 47. Ng2 Qd7 48. Rd1 Qxd5 49. Rxd5 Rf7 50. g4 1-0

[Event "FIDE World Blitz-ch Women 2018"]
[Site "St. Petersburg"]
[Date "2018.12.30"]
[Round "11.53"]
[White "Gvanceladze, Anna"]
[Black "Tevzadze, Mariam"]
[Result "1-0"]
[WhiteElo "2264"]
[BlackElo "1967"]
[Annotator "NA"]
[PlyCount "98"]
[EventDate "2018.12.19"]
[EventType "swiss"]
[EventCountry "RUS"]
[SourceTitle "playchess.com"]
[Source "ChessBase"]
[SourceQuality "1"]

1. e4 d6 2. d4 g6 3. Nf3 Bg7 4. Nc3 Nd7 5. Be2 e5 6. Be3 c6 7. O-O Ngf6 8. h3 Qc7 9. Qd2 O-O 10. dxe5 dxe5 11. Rad1 Re8 12. Rfe1 b5 13. a3 Bf8 14. Bf1 Nc5 15. Bh6 Bxh6 16. Qxh6 Ne6 17. Rd2 a5 18. Qh4 Kg7 19. Ng5 Nxg5 20. Qxg5 b4 21. Nb1 h6 22. Qe3 Nh5 23. Red1 Nf4 24. Rd6 Be6 25. Qc5 Ba2 26. Rxc6 Qe7 27. axb4 axb4 28. Qxe7 Rxe7 29. Rcd6 Bxb1 30. Rxb1 Rb7 31. Bc4 Rab8 32. Rbd1 g5 33. Rd7 Rxd7 34. Rxd7 Rf8 35. Kh2 h5 36. g3 Ng6 37. Kg2 h4 38. Kf3 hxg3 39. fxg3 Kf6 40. Ke3 Nh8 41. Rb7 Rd8 42. Bd5 Rc8 43. Kd3 Rd8 44. Rxb4 Ng6 45. Rb6+ Kg7 46. Rb7 Kh6 47. Rxf7 Rb8 48. b3 Nh8 49. Rb7 Rf8 1-0

[Event "FIDE World Blitz-ch Women 2018"]
[Site "St. Petersburg"]
[Date "2018.12.30"]
[Round "11.54"]
[White "Dumcheva, Julia"]
[Black "Bulatova, Kamaliya"]
[Result "0-1"]
[WhiteElo "2168"]
[BlackElo "2007"]
[Annotator "NA"]
[PlyCount "102"]
[EventDate "2018.12.19"]
[EventType "swiss"]
[EventCountry "RUS"]
[SourceTitle "playchess.com"]
[Source "ChessBase"]
[SourceQuality "1"]

1. e4 e6 2. d4 d5 3. Nc3 Bb4 4. e5 c5 5. a3 Bxc3+ 6. bxc3 Ne7 7. h4 Qc7 8. Nf3 b6 9. h5 h6 10. Be2 Ba6 11. O-O Bxe2 12. Qxe2 c4 13. g4 Nbc6 14. Nh4 O-O-O 15. a4 g6 16. hxg6 Nxg6 17. Nxg6 fxg6 18. Ba3 g5 19. Bd6 Qh7 20. a5 b5 21. a6 h5 22. gxh5 g4 23. Kg2 Qxh5 24. Rh1 Qf5 25. Rxh8 Rxh8 26. Rh1 Rxh1 27. Kxh1 Qh5+ 28. Kg1 Qh3 29. Qe3 Qxe3 30. fxe3 Nd8 31. Bc5 Kb8 32. Kg2 Nf7 33. Kg3 Nh6 34. Kf4 Nf5 35. e4 g3 36. exf5 g2 37. fxe6 g1=Q 38. e7 Qh2+ 39. Kf5 Qh8 40. Ke6 Qe8 41. Kxd5 Qd7+ 42. Ke4 Qg4+ 43. Kd5 Qg8+ 44. e6 Qe8 45. Kd6 Ka8 46. Kc7 b4 47. cxb4 Qb8+ 48. Kd7 Qb5+ 49. Kd6 Qxa6+ 50. Ke5 Qc8 51. Kf6 Qh8+ 0-1

[Event "FIDE World Blitz-ch Women 2018"]
[Site "St. Petersburg"]
[Date "2018.12.30"]
[Round "11.55"]
[White "Smirnova, Ekaterina"]
[Black "Goltseva, Ekaterina"]
[Result "1/2-1/2"]
[WhiteElo "2192"]
[BlackElo "2153"]
[Annotator "NA"]
[PlyCount "115"]
[EventDate "2018.12.19"]
[EventType "swiss"]
[EventCountry "RUS"]
[SourceTitle "playchess.com"]
[Source "ChessBase"]
[SourceQuality "1"]

1. d4 d5 2. c4 dxc4 3. e3 e5 4. Bxc4 exd4 5. exd4 Bd6 6. Nf3 Nf6 7. O-O O-O 8. Nc3 h6 9. h3 Nc6 10. Re1 Bf5 11. Ne5 Bxe5 12. dxe5 Qxd1 13. Nxd1 Nd7 14. f4 Be6 15. Bxe6 fxe6 16. Be3 Nb6 17. Nc3 Nc4 18. g3 Rad8 19. Bc5 Rf7 20. b3 Rd3 21. Ne4 Nd2 22. Nxd2 Rxd2 23. Be3 Rd3 24. Rad1 Rfd7 25. Rxd3 Rxd3 26. Kf1 Nb4 27. Ke2 Rc3 28. Rd1 Nd5 29. Bf2 Rc2+ 30. Rd2 Rc1 31. Kd3 Kf7 32. Ke4 g6 33. a4 Rc3 34. Rd3 Rc2 35. Bxa7 b6 36. a5 bxa5 37. Bd4 c5 38. Bg1 Rg2 39. Bxc5 Rc2 40. Bd4 Re2+ 41. Kf3 Rc2 42. g4 Rc1 43. Bf2 Rc2 44. f5 gxf5 45. gxf5 Ra2 46. h4 Ra3 47. h5 a4 48. Bc5 Rxb3 49. Rxb3 axb3 50. fxe6+ Kxe6 51. Bd4 Nb4 52. Ke4 Nc6 53. Bb2 Na5 54. Kd3 Nc6 55. Bc1 Nxe5+ 56. Kc3 Ng4 57. Bxh6 Nxh6 58. Kxb3 1/2-1/2

[Event "FIDE World Blitz-ch Women 2018"]
[Site "St. Petersburg"]
[Date "2018.12.30"]
[Round "11.56"]
[White "Iljushina, Olga"]
[Black "Makarenko, Alexandra"]
[Result "0-1"]
[WhiteElo "2259"]
[BlackElo "2228"]
[Annotator "NA"]
[PlyCount "76"]
[EventDate "2018.12.19"]
[EventType "swiss"]
[EventCountry "RUS"]
[SourceTitle "playchess.com"]
[Source "ChessBase"]
[SourceQuality "1"]

1. d4 Nf6 2. c4 g6 3. Nc3 Bg7 4. e4 d6 5. h3 O-O 6. Be3 Na6 7. Nf3 c6 8. Bd3 Qe8 9. Qd2 e5 10. d5 cxd5 11. cxd5 Nb4 12. Bb1 Nh5 13. a3 Na6 14. Bd3 Bd7 15. b4 f5 16. Bxa6 bxa6 17. Bh6 Nf4 18. Bxg7 Kxg7 19. g3 fxe4 20. Nxe4 Nxd5 21. Qxd5 Rxf3 22. Nxd6 Qf8 23. O-O Rd8 24. Qxe5+ Qf6 25. Qxf6+ Rxf6 26. Nb7 Re8 27. Rfd1 Bc6 28. Nc5 Re2 29. Rf1 Bb5 30. Rae1 Ra2 31. Re7+ Kf8 32. Rfe1 Rfxf2 33. Nd3 Rg2+ 34. Kh1 Rh2+ 35. Kg1 Rag2+ 36. Kf1 Bxd3+ 37. R1e2 Bxe2+ 38. Rxe2 Rxe2 0-1

[Event "FIDE World Blitz-ch Women 2018"]
[Site "St. Petersburg"]
[Date "2018.12.30"]
[Round "11.57"]
[White "Sviridova, Vlada"]
[Black "Guseva, Marina"]
[Result "0-1"]
[WhiteElo "2144"]
[BlackElo "2408"]
[Annotator "NA"]
[PlyCount "58"]
[EventDate "2018.12.19"]
[EventType "swiss"]
[EventCountry "RUS"]
[SourceTitle "playchess.com"]
[Source "ChessBase"]
[SourceQuality "1"]

1. d4 d5 2. c4 c6 3. Nf3 Nf6 4. Nc3 e6 5. e3 Nbd7 6. Qc2 b6 7. b3 Bb7 8. Bb2 Be7 9. Bd3 dxc4 10. Bxc4 c5 11. Be2 cxd4 12. Nxd4 O-O 13. O-O Rc8 14. Rac1 Bb4 15. Qb1 Qe7 16. f3 a6 17. Kh1 Bd6 18. Rc2 Nh5 19. f4 Nhf6 20. Bf3 Bxf3 21. Nxf3 Nc5 22. b4 Nd3 23. a3 Ng4 24. Ne4 Nxb2 25. Rxc8 Rxc8 26. Qxb2 Nxe3 27. Rc1 Rd8 28. Nxd6 Qxd6 29. Ne5 Qd1+ 0-1